Elbinger Geschichte

Titel: Elbinger Geschichte / Edward Carstenn
Verfasser:
Ausgabe: 2. Aufl. / hrsg. von Hans Werner Hoppe ; Hans-Jürgen Schuch
Veröffentlicht: Münster/Westf. : Truso-Verl. ˜[u.a.]œ, 1982
Umfang: 70 S. : Ill., Kt. ; 21 cm
Format: Buch
Sprache: Deutsch
Schriftenreihe/
mehrbändiges Werk:
Elbinger Hefte ; 5
Schlagworte:
ISBN: 3883780138
Buchumschlag
X
Lokale Klassifikation: 6 8 E 1
alg: 7614899
001A    $06000:02-07-99 
001B    $01999:19-03-21 $t19:28:17.000 
001C    $06060:10-03-15 $t18:01:02.000 
001D    $03004:31-03-05 
001U    $0utf8 
001X    $00 
002@    $0Aau 
003@    $0076148998 
003O    $074535582 $aOCoLC 
004A    $03-88378-013-8 $fkart. : DM 14.80 
006G    $0820996505 
006U    $082,B20,0931 
007A    $0820996505 $aDNB 
007G    $0DE0208929AFE6939BC106C125804300373B2A 
007T    $0Herd22000 
009P    $qapplication/pdf $A2 $3Inhaltsverzeichnis $uhttp://scans.hebis.de/HEBCGI/show.pl?07614899_toc.pdf $mV:DE-603;B:DE-Mb50 
010@    $ager 
011@    $a1982 
015@    $00 
021A    $aElbinger Geschichte $hEdward Carstenn 
028A    $7116461764 $8Carstenn, Edward$Z1886-1957 [Tp1] $9150408242 
032@    $a2. Aufl. / hrsg. von Hans Werner Hoppe ; Hans-Jürgen Schuch 
033A    $pMünster/Westf. $nTruso-Verl. {[u.a.] 
034D    $a70 S. 
034I    $a21 cm 
034M    $aIll., Kt. 
036E    $a@Elbinger Hefte $l5 
036F    $x15 $8Elbinger Hefte $9001706489 $l5 
037A    $aIn Fraktur 
044F    $bElbing 
044K    $RElbing $#Elbing $#Elbing Elbląg $71028071-6 $8Elbląg [Tg1] $9042042631 
045E    $a63 
045F    $a907.209438 $eDDC23BSB 
045F/01 $a907.2 
045F/03 $g438 
045F/03 $g4382 
045F/03 $g43832 
045R    $aGeschichte 

lok: 7614899 24
101B    $028-04-05 $t16:18:55.000 
101C    $028-04-05 
145Z/01 $a6 8 E 1 
101U    $0utf8 

exp: 7614899 24 1 #EPN
201B/01 $028-04-05 $t16:18:55.000 
201C/01 $031-03-05 
203@/01 $0236101579 
208@/01 $a28-04-05 $bz 
209A/01 $a05.0931 $du $f050 $h05 0931 $x00 
209C/01 $a05.0931 G $h05 0931 G 
209G/01 $a70913003 $x00 
220C/01 $ahae/war 
247C/01 $8358050-7 Marburg, Bibliothek des Herder-Instituts Marburg $9102600961 
201U/01 $0utf8 

lok: 7614899 78

exp: 7614899 78 1 #EPN
201B/01 $020-12-17 $t22:58:50.000 
201U/01 $0utf8 
203@/01 $0791787907 
208@/01 $a12-11-16 $be 
209A/01 $a/ $f000 $x00 
220C/01 $aTitelaufnehmer: kl 
237A/01 $a1. Aufl. Essen 1951. - weiterführende Signatur(en): Herder-Institut: 05.0931 
244Z/01 $2Trx $#Prusy Wschodnie i Zachodnie $8--Trx--Ost- und Westpreußen $x01 $939113373X 
244Z/01 $2Trx $#Poola $#Lenkija $#Polija $#Polen Land $#Poland $#Lengyelország $#Poľsko $#Polsko $8--Trx--Polska$gkraj $x02 $9391345966 
244Z/01 $#Elbing $#Elbing Elbląg $71028071-6 $8--Tg1--Elbląg $x03 $9042042631 
244Z/01 $2Trx $#ülevaated kohad $#vietovės bendras $#overview cities $#ábrázolások, átfogó helyek $#miejscowości poszczególne $#dejiny miestne $#dějiny místní $#Ortsgeschichte $#Städte $#Orte $#miasta $#miestne dejiny $8--Trx--Darstellungen, übergreifende$gOrte $x04 $9391384228 
244Z/01 $2Trx $8--Trx--Monographie $x05 $9391384546 
245Z/01 $a13.03 $x01 
245Z/01 $a06.01 $x02 
247C/01 $82080>Marburg/Lahn, Herder-Institut, Forschungsbibliothek, Bibliographieportal $9336309341
LEADER 00000cam a2200000 c 4500
001 076148998
003 DE-603
005 20210319192817.0
007 tu
008 990702s1982 xx |||| | u00||u|ger
015 |a 82,B20,0931  |2 dnb 
016 7 |2 DE-101  |a 820996505 
020 |a 3883780138  |c kart. : DM 14.80 
035 |a (DE-599)DNB820996505 
035 |a (OCoLC)74535582 
040 |a DE-603  |b ger  |c DE-603  |d DE-603 
041 |a ger 
082 0 4 |8 1\u  |a 907.209438  |q DE-101  |2 23/BSB 
084 |a 63  |q DE-101  |2 sdnb 
085 |8 1\u  |b 907.2 
085 |8 1\u  |z 2  |s 438 
085 |8 1\u  |z 2  |s 4382 
085 |8 1\u  |z 2  |s 43832 
100 1 |a Carstenn, Edward  |d 1886-1957  |0 (DE-603)150408242  |0 (DE-588)116461764  |2 gnd 
245 0 0 |a Elbinger Geschichte  |c Edward Carstenn 
250 |a 2. Aufl. / hrsg. von Hans Werner Hoppe ; Hans-Jürgen Schuch 
264 1 |a Münster/Westf.  |b Truso-Verl. ˜[u.a.]œ  |c 1982 
300 |a 70 S.  |b Ill., Kt.  |c 21 cm 
490 1 |a Elbinger Hefte  |v 5 
500 |a In Fraktur 
648 7 |a Geschichte  |2 gnd 
651 7 |a Elbląg  |0 (DE-588)1028071-6  |0 (DE-603)042042631  |2 gnd 
651 7 |a Elbing  |2 local 
830 0 |t Elbinger Hefte  |v 5  |w (DE-603)001706489  |w (DE-600)539678-5  |9 15  |7 as 
856 4 2 |m V:DE-603;B:DE-Mb50  |q application/pdf  |u http://scans.hebis.de/HEBCGI/show.pl?07614899_toc.pdf  |3 Inhaltsverzeichnis 
924 0 |9 Mb 50  |a (DE-603)236101579  |b DE-Mb50  |c HES  |d c  |g 05.0931 
924 0 |9 2080  |a (DE-603)791787907  |b DE-2080  |c HES  |d d  |g /